ARRUPE JESUIT UNIVERSITY

CORONAVIRUS -STOP THE SPREAD - CLEAN,DISINFECT,COVER

How mathematicians think : (Record no. 121684)

MARC details
000 -LEADER
fixed length control field 02326cam a2200385 a 4500
001 - CONTROL NUMBER
control field 14582746
003 - CONTROL NUMBER IDENTIFIER
control field ARRUPE
005 - DATE AND TIME OF LATEST TRANSACTION
control field 20150805020017.0
008 - FIXED-LENGTH DATA ELEMENTS--GENERAL INFORMATION
fixed length control field 061004s2007 njua b 001 0 eng
010 ## - LIBRARY OF CONGRESS CONTROL NUMBER
LC control number 2006033160
015 ## - NATIONAL BIBLIOGRAPHY NUMBER
National bibliography number GBA736823
Source bnb
016 7# - NATIONAL BIBLIOGRAPHIC AGENCY CONTROL NUMBER
Record control number 013745985
Source Uk
020 ## - INTERNATIONAL STANDARD BOOK NUMBER
International Standard Book Number 9780691127385 (acidfree paper)
020 ## - INTERNATIONAL STANDARD BOOK NUMBER
International Standard Book Number 0691127387 (acidfree paper)
035 ## - SYSTEM CONTROL NUMBER
System control number (OCoLC)ocm73502041
035 ## - SYSTEM CONTROL NUMBER
System control number (OCoLC)73502041
040 ## - CATALOGING SOURCE
Original cataloging agency DLC
Transcribing agency DLC
Modifying agency BAKER
-- BTCTA
-- C#P
-- UKM
-- YDXCP
-- YBM
-- MUQ
-- UPP
-- UUS
-- NOR
-- DLC
050 00 - LIBRARY OF CONGRESS CALL NUMBER
Classification number BF456.N7
Item number B94 2007
082 00 - DEWEY DECIMAL CLASSIFICATION NUMBER
Classification number 510.92
Edition number 22
300 ## - PHYSICAL DESCRIPTION
Other physical details ill. ;
Dimensions 24 cm.
100 1# - MAIN ENTRY--PERSONAL NAME
Personal name Byers, William,
Dates associated with a name 1943-
9 (RLIN) 13996
245 10 - TITLE STATEMENT
Title How mathematicians think :
Remainder of title using ambiguity, contradiction, and paradox to create mathematics /
Statement of responsibility, etc William Byers.
260 ## - PUBLICATION, DISTRIBUTION, ETC. (IMPRINT)
Place of publication, distribution, etc Princeton :
Name of publisher, distributor, etc Princeton University Press,
Date of publication, distribution, etc c2007.
300 ## - PHYSICAL DESCRIPTION
Extent vii, 415 p. :
504 ## - BIBLIOGRAPHY, ETC. NOTE
Bibliography, etc Includes bibliographical references (p. 399-405) and index.
505 00 - FORMATTED CONTENTS NOTE
Title Acknowledgments --
-- Introduction : Turning on the light --
-- Section 1 : The light of ambiguity --
Miscellaneous information ch. 1.
Title Ambiguity in mathematics --
Miscellaneous information ch. 2.
Title The contradictory in mathematics --
Miscellaneous information ch. 3.
Title Paradoxes and mathematics : infinity and the real numbers --
Miscellaneous information ch. 4.
Title More paradoxes of infinity : geometry, cardinality, and beyond --
-- Section 2 : The light as idea --
Miscellaneous information ch. 5. The
Title idea as an organizing principle --
Miscellaneous information ch. 6.
Title Ideas, logic, and paradox --
Miscellaneous information ch. 7.
Title Great ideas --
-- Section 3 : The light and the eye of the beholder --
Miscellaneous information ch. 8. The
Title truth of mathematics --
Miscellaneous information ch. 9.
Title Conclusion : is mathematics algorithmic or creative? --
-- Notes --
-- Bibliography --
-- Index.
650 #0 - SUBJECT ADDED ENTRY--TOPICAL TERM
Topical term or geographic name as entry element Mathematicians
General subdivision Psychology.
9 (RLIN) 13997
650 #0 - SUBJECT ADDED ENTRY--TOPICAL TERM
Topical term or geographic name as entry element Mathematics
General subdivision Psychological aspects.
9 (RLIN) 13998
650 #0 - SUBJECT ADDED ENTRY--TOPICAL TERM
Topical term or geographic name as entry element Mathematics
General subdivision Philosophy.
9 (RLIN) 13999
856 41 - ELECTRONIC LOCATION AND ACCESS
Materials specified Table of contents only
Uniform Resource Identifier <a href="http://www.loc.gov/catdir/toc/ecip073/2006033160.html">http://www.loc.gov/catdir/toc/ecip073/2006033160.html</a>
856 42 - ELECTRONIC LOCATION AND ACCESS
Materials specified Publisher description
Uniform Resource Identifier <a href="http://www.loc.gov/catdir/enhancements/fy0704/2006033160-d.html">http://www.loc.gov/catdir/enhancements/fy0704/2006033160-d.html</a>
856 42 - ELECTRONIC LOCATION AND ACCESS
Materials specified Contributor biographical information
Uniform Resource Identifier <a href="http://www.loc.gov/catdir/enhancements/fy0734/2006033160-b.html">http://www.loc.gov/catdir/enhancements/fy0734/2006033160-b.html</a>
906 ## - LOCAL DATA ELEMENT F, LDF (RLIN)
a 7
b cbc
c orignew
d 1
e ecip
f 20
g y-gencatlg
942 ## - ADDED ENTRY ELEMENTS (KOHA)
Source of classification or shelving scheme Library of Congress Classification
Koha item type Monograph ( Printed materials)
Koha issues (borrowed), all copies 1
Holdings
Withdrawn status Lost status Source of classification or shelving scheme Damaged status Not for loan Collection code Home library Current library Shelving location Date acquired Total Checkouts Full call number Barcode Date last seen Date checked out Price effective from Koha item type
    Library of Congress Classification     Main Collection ARRUPE LIBRARY ARRUPE LIBRARY Main Collection 15/01/2015 7 BF456.N7 B94 2007 46500003229 09/01/2018 30/08/2017 15/01/2015 Monograph ( Printed materials)

 

Arrupe Library. PO Box MP320 Mt Pleasant, Harare, Zimbabwe
263 242 745411|librarian@aju.ac.zw